Методы анализа устойчивости динамических систем интеллектуального управления

Manylion Llyfryddiaeth
Prif Awdur: Дружинина О. В. Ольга Валентиновна
Awduron Eraill: Масина О. Н. Ольга Николаевна
Crynodeb:Рассмотрены вопросы моделирования и анализа устойчивости динамических систем интеллектного управления. Дано развитие методов Ляпунова исследования устойчивоподобных свойств систем с логическими регуляторами. Предложены условия стабилизации системы Такаги—Суджено и ее модификаций. Рассмотре­ны приложения к исследованию динамики систем транспорта в условиях неопре­деленности. Результаты и методы, представленные в монографии, могут найти примене­ние в задачах устойчивости и стабилизации управляемых технических систем.Монография предназначена для научных и технических работников, препо­давателей, аспирантов и студентов, интересующихся вопросами моделирования, устойчивости и стабилизации систем управления. Она может быть также исполь­зована в качестве учебного пособия при изучении специальных курсов по матема­тическому моделированию и по динамике систем.
Iaith:Rwseg
Cyhoeddwyd: Москва, ЛЕНАНД, 2016
Pynciau:
Fformat: MixedMaterials Llyfr
KOHA link:https://koha.lib.tpu.ru/cgi-bin/koha/opac-detail.pl?biblionumber=313560

MARC

LEADER 00000nam0a2200000 4500
001 313560
005 20231102002607.0
010 |a 9785971030034 
035 |a (RuTPU)RU\TPU\book\338944 
090 |a 313560 
100 |a 20160128d2016 k y0rusy50 ca 
101 0 |a rus 
102 |a RU 
105 |a a z 001zy 
200 1 |a Методы анализа устойчивости динамических систем интеллектуального управления  |f О. В. Дружинина, О. Н. Масина 
210 |a Москва  |c ЛЕНАНД  |d 2016 
215 |a 242 с.  |c ил. 
320 |a Библиогр.: с. 221-242. 
330 |a Рассмотрены вопросы моделирования и анализа устойчивости динамических систем интеллектного управления. Дано развитие методов Ляпунова исследования устойчивоподобных свойств систем с логическими регуляторами. Предложены условия стабилизации системы Такаги—Суджено и ее модификаций. Рассмотре­ны приложения к исследованию динамики систем транспорта в условиях неопре­деленности. Результаты и методы, представленные в монографии, могут найти примене­ние в задачах устойчивости и стабилизации управляемых технических систем.Монография предназначена для научных и технических работников, препо­давателей, аспирантов и студентов, интересующихся вопросами моделирования, устойчивости и стабилизации систем управления. Она может быть также исполь­зована в качестве учебного пособия при изучении специальных курсов по матема­тическому моделированию и по динамике систем. 
606 1 |a Технические системы сложные  |x Устойчивость  |2 stltpush  |3 (RuTPU)RU\TPU\subj\60099  |9 77589 
610 1 |a динамические системы 
610 1 |a анализ 
610 1 |a функции Ляпунова 
610 1 |a нелинейные динамические системы 
610 1 |a модели Такаги-Суджено 
610 1 |a построение 
610 1 |a интеллектуальные транспортные системы 
610 1 |a моделирование 
610 1 |a стабилизация 
675 |a 681.51.037  |v 4 
700 1 |a Дружинина  |b О. В.  |g Ольга Валентиновна 
701 1 |a Масина  |b О. Н.  |g Ольга Николаевна 
801 1 |a RU  |b 63413507  |c 20160128 
801 2 |a RU  |b 63413507  |c 20160408  |g RCR 
900 |a Динамика систем 
900 |a Математическое моделирование 
900 |a Системы интеллектуального управления 
942 |c BK 
959 |a 1/20160113  |d 1  |e 649,00  |f ЧЗТЛ:1